| Поле | Инд. | ПП | Название | Значение |
|---|---|---|---|---|
| Тип записи | a | |||
| Библиографический уровень | m | |||
| 001 | Контрольный номер | DU/572536222 | ||
| 005 | Дата корректировки | 20260330094514.4 | ||
| 008 | Кодируемые данные | 20090527 | ||
| 020 | 00 | a | ISBN | 978-5-534-18024-4 |
| 041 | 0_ | a | Код языка текста | rus |
| 084 | a | Индекс другой классификации/Индекс ББК | 67.401я73 | |
| 097 | 00 | a | 230 | |
| 100 | 1_ | a | Автор | Гимазова Ю. В. |
| q | Полное имя | Гимазова Юлия Владимировна | ||
| 245 | 00 | a | Заглавие | Государственное и муниципальное управление |
| b | Продолж. заглавия | учебник для вузов | ||
| c | Ответственность | под общей редакцией Н. А. Омельченко; рецензенты Е. Г. Морозова, В. И. Буренко | ||
| 250 | a | Основные сведения об издании | 2-е изд., перераб. и доп. | |
| 260 | 00 | a | Место издания | Москва |
| b | Издательство | Юрайт | ||
| c | Дата издания | 2025 | ||
| 300 | 00 | a | Объем | 389 с. |
| 336 | a | Термин вида содержания | Текст | |
| 337 | a | Термин типа средства | электронный | |
| 440 | _0 | a | Серия | Высшее образование |
| 650 | 04 | a | Основная рубрика | административное право |
| a | Основная рубрика | право | ||
| 653 | 0_ | a | Ключевые слова | государственное управление |
| a | Ключевые слова | конституционно-правовой статус | ||
| a | Ключевые слова | местное самоуправление | ||
| a | Ключевые слова | муниципальное управление | ||
| a | Ключевые слова | публичная власть | ||
| a | Ключевые слова | Российская Федерация | ||
| a | Ключевые слова | Россия | ||
| 655 | 00 | a | Жанр/ форма (устаревшее) | учебное пособие |
| 700 | 12 | a | Автор | Омельченко Н. А. |
| e | Роль лиц | редактор | ||
| 700 | 12 | a | Автор | Морозова Е. Г. |
| e | Роль лиц | рецензент | ||
| 700 | 12 | a | Автор | Буренко В. И. |
| e | Роль лиц | рецензент | ||
| 856 | 40 | a | Имя сервера/домена | ЭБС ЮРАЙТ |
| d | Путь | https://urait.ru | ||
| i | Указания/сценарий входа | Доступ по логину и паролю | ||
| u | URL | https://urait.ru/bcode/560032 | ||
| v | Время доступа к ресурсу | 25.03.2027 | ||
| y | Справочный текст | Электронная версия | ||
| 900 | a | Имя электронного ресурса | obl_Gimazova_Gosudarstvennoe | |
| x | Справочная информация | Обложка | ||
| 900 | x | Справочная информация | Полный текст | |
| 901 | t | Тип документа | 0 | |
| 952 | a | Тип литературы для КСУ ВШ | УИ | |
| 954 | a | Гриф | 1.2.2.653 |